Журнал экспериментальной и теоретической физики

Bibliographic Details
Previous Title:Журнал русского химического общества
Журнал Русского химического общества и физического общества
Журнал Русского физико-химического общества
Corporate Authors: Российская академия наук, Российская академия наук Институт физических проблем им. П. Л. Капицы
Summary:Печатная подписка НТБ на журнал: 1931-1935; 1937-2017 (I полугодие) Электронный вариант журнала: 2017 (II полугодие)-2024
История переименований: Журнал Русского физико-химического общества (с 1879 по 1930 год) Журнал Русского химического общества и Физического общества при Петербургском университете (с 1873 по 1878 год) Журнал Русского химического общества (с 1869 по 1872 год)
Журнал публикует статьи, представляющие собой результаты экспериментальных и теоретических исследований по фундаментальным вопросам физики: теории поля, астрофизике, атомной и молекулярной физике, физике плазмы, физике конденсированного состояния. Журнал выходит на русском языке и в переводе на английский язык
Language:Russian
Published: Москва, Наука, 1931-
Subjects:
Online Access:Официальный сайт журнала
Журнал на платформе eLIBR
Англоязычная версия журнала
Format: MixedMaterials Electronic Serial
KOHA link:https://koha.lib.tpu.ru/cgi-bin/koha/opac-detail.pl?biblionumber=380425

MARC

LEADER 00000nas1a2200000 4500
001 380425
005 20260406095718.0
011 |a 0044-4510 
035 |a (RuTPU)RU\TPU\prd\1443 
035 |a RU\TPU\prd\151 
090 |a 380425 
100 |a 20020215a18739999k||y0rusy50 ca 
101 0 |a rus 
102 |a RU 
110 |a afaz|||0uu0 
200 1 |a Журнал экспериментальной и теоретической физики  |d ЖЭТФ  |d Journal of Experimental and Theoretical Physics  |f Российская академия наук (РАН) ; Отделение физических наук РАН  |z eng 
210 |a Москва  |c Наука  |d 1931- 
300 |a Печатная подписка НТБ на журнал: 1931-1935; 1937-2017 (I полугодие) Электронный вариант журнала: 2017 (II полугодие)-2024 
300 |a История переименований: Журнал Русского физико-химического общества (с 1879 по 1930 год) Журнал Русского химического общества и Физического общества при Петербургском университете (с 1873 по 1878 год) Журнал Русского химического общества (с 1869 по 1872 год) 
305 |a Основан в 1873 г. Период выпуска: 1931-... 
326 |a Периодичность - 12 номеров в год 
330 |a Журнал публикует статьи, представляющие собой результаты экспериментальных и теоретических исследований по фундаментальным вопросам физики: теории поля, астрофизике, атомной и молекулярной физике, физике плазмы, физике конденсированного состояния. Журнал выходит на русском языке и в переводе на английский язык  
430 1 |0 (RuTPU)RU\TPU\prd\168  |t Журнал русского химического общества  |c СПб.  |n Типография В. Демакова  |d 1869-1872 
430 1 |0 (RuTPU)RU\TPU\prd\694  |t Журнал Русского химического общества и физического общества  |f Императорский Санкт-Петербургский Университет  |c СПб.  |n Типография В. Демакова  |d 1873-1878 
430 1 |0 (RuTPU)RU\TPU\prd\695  |t Журнал Русского физико-химического общества  |f Государственный Петроградский Университет  |c Петроград  |n Типография Э. Ф. Меке  |d 1879-1917 
430 1 |0 (RuTPU)RU\TPU\prd\1301  |t Журнал Русского физико-химического общества  |f Ленинградский Университет  |c Л.  |n Государственное изд-во  |d 1919-1931 
517 1 |a ЖЭТФ 
606 |a Экспериментальная физика  |9 50635 
606 |a Физика теоретическая  |9 80703 
675 |a 53.05  |v 4 
675 |a 530.1  |v 4 
712 0 2 |a Российская академия наук  |c (Москва)  |c (1991- )  |3 (RuTPU)RU\TPU\col\51  |9 23156 
712 0 2 |a Российская академия наук  |b Институт физических проблем им. П. Л. Капицы  |c (Москва)  |3 (RuTPU)RU\TPU\col\51  |9 26293 
801 2 |a RU  |b 63413507  |c 20180118  |g PSBO 
801 2 |a RU  |b 63413507  |c 20240416  |g PSBO 
856 4 0 |u https://jetp.ras.ru/cgi-bin/r/index/  |z Официальный сайт журнала 
856 4 0 |u http://elibrary.ru/title_about.asp?id=8682  |z Журнал на платформе eLIBR 
856 4 0 |u https://link.springer.com/journal/11447  |z Англоязычная версия журнала 
942 |c CR